Random Chinese City to Province - Statistics

General Stats
  • This quiz has been taken 346 times
    258 since last reset
  • The average score is 17 of 20
Answer Stats
City Province % Correct
Shenzhen 深圳 Guangdong 广东
100%
Zhanjiang 湛江 Guangdong 广东
100%
Hong Kong 香港 Hong Kong 香港
100%
Chifeng 赤峰 Inner Mongolia 内蒙古
100%
Nanjing 南京 Jiangsu 江苏
100%
Shanghai 上海 Shanghai 上海
100%
Tianjin 天津 Tianjin 天津
100%
Hangzhou 杭州 Zhejiang 浙江
100%
Taipei 台北 Taiwan 台灣
97%
Jilin 吉林 Jilin 吉林
96%
Xi'an 西安 Shaanxi 陕西
96%
Beijing 北京 Beijing 北京
95%
Xiamen 厦门 Fujian 福建
95%
Guangzhou 广州 Guangdong 广东
95%
Shantou 汕头 Guangdong 广东
95%
Shiyan 十堰 Hubei 湖北
95%
Wuxi 无锡 Jiangsu 江苏
95%
Ji'nan 济南 Shandong 山东
95%
Wenzhou 温州 Zhejiang 浙江
95%
Haikou 海口 Hainan 海南
94%
Changsha 长沙 Hunan 湖南
94%
Liuyang 浏阳 Hunan 湖南
94%
Hohhot 呼和浩特 Inner Mongolia 内蒙古
94%
Nantong 南通 Jiangsu 江苏
94%
Qingdao 青岛 Shandong 山东
94%
Ningbo 宁波 Zhejiang 浙江
94%
Fuzhou 福州 Fujian 福建
93%
Foshan 佛山 Guangdong 广东
93%
Liuzhou 柳州 Guangxi 广西
93%
Xining 西宁 Qinghai 青海
93%
Hefei 合肥 Anhui 安徽
92%
Jiangmen 江门 Guangdong 广东
92%
Shijiazhuang 石家庄 Hebei 河北
92%
Harbin 哈尔滨 Heilongjiang 黑龙江
92%
Kaohsiung 高雄 Taiwan 台灣
92%
Taichung 台中 Taiwan 台灣
92%
Jinhua 金华 Zhejiang 浙江
92%
Nanchang 南昌 Jiangxi 江西
91%
Dandong 丹东 Liaoning 辽宁
91%
Baoji 宝鸡 Shaanxi 陕西
91%
Weifang 潍坊 Shandong 山东
91%
Chengdu 成都 Sichuan 四川
91%
Zhangjiakou 张家口 Hebei 河北
90%
Wuhan 武汉 Hubei 湖北
90%
Lianyungang 连云港 Jiangsu 江苏
90%
Zhuhai 珠海 Guangdong 广东
89%
Qiqihar 齐齐哈尔 Heilongjiang 黑龙江
89%
Shenyang 沈阳 Liaoning 辽宁
89%
Weihai 威海 Shandong 山东
89%
Ürümqi 乌鲁木齐 Xinjiang 新疆
89%
Yiwu 义乌 Zhejiang 浙江
89%
Baoding 保定 Hebei 河北
88%
Baotou 包头 Inner Mongolia 内蒙古
88%
Suzhou 苏州 Jiangsu 江苏
88%
Changzhou 常州 Jiangsu 江苏
88%
Chaozhou 潮州 Guangdong 广东
87%
Qinhuangdao 秦皇岛 Hebei 河北
87%
Anshan 鞍山 Liaoning 辽宁
87%
Kunming 昆明 Yunnan 云南
87%
Chongqing 重庆 Chongqing 重庆
86%
Putian 莆田 Fujian 福建
86%
Lanzhou 兰州 Gansu 甘肃
86%
Jieyang 揭阳 Guangdong 广东
86%
Suqian 宿迁 Jiangsu 江苏
86%
Zhengzhou 郑州 Henan 河南
85%
Changchun 长春 Jilin 吉林
85%
Taian 泰安 Shandong 山东
85%
Huzhou 湖州 Zhejiang 浙江
85%
Wuhu 芜湖 Anhui 安徽
84%
Dongguan 东莞 Guangdong 广东
84%
Yinchuan 银川 Ningxia 宁夏
84%
Yantai 烟台 Shandong 山东
84%
Quanzhou 泉州 Fujian 福建
83%
Nanning 南宁 Guangxi 广西
83%
Tangshan 唐山 Hebei 河北
83%
Xuzhou 徐州 Jiangsu 江苏
83%
Jinzhou 锦州 Liaoning 辽宁
83%
Suzhou 宿州 Anhui 安徽
82%
Zhongshan 中山 Guangdong 广东
82%
Luoyang 洛阳 Henan 河南
82%
Jingzhou 荆州 Hubei 湖北
82%
Taizhou 泰州 Jiangsu 江苏
82%
Dalian 大连 Liaoning 辽宁
82%
Huainan 淮南 Anhui 安徽
81%
Bengbu 蚌埠 Anhui 安徽
81%
Guiyang 贵阳 Guizhou 贵州
81%
Handan 邯郸 Hebei 河北
81%
Shaoxing 绍兴 Zhejiang 浙江
81%
Fushun 抚顺 Liaoning 辽宁
80%
Taiyuan 太原 Shanxi 山西
80%
Datong 大同 Shanxi 山西
80%
Nanchong 南充 Sichuan 四川
80%
Cixi 慈溪 Zhejiang 浙江
80%
Huaibei 淮北 Anhui 安徽
79%
Liuan 六安 Anhui 安徽
79%
Zhuzhou 株洲 Hunan 湖南
79%
Benxi 本溪 Liaoning 辽宁
79%
Daqing 大庆 Heilongjiang 黑龙江
78%
Pingdingshan 平顶山 Henan 河南
78%
Zaozhuang 枣庄 Shandong 山东
78%
Linyi 临沂 Shandong 山东
77%
Mianyang 绵阳 Sichuan 四川
77%
Ma'anshan 马鞍山 Anhui 安徽
76%
Yueqing 乐清 Zhejiang 浙江
76%
Huizhou 惠州 Guangdong 广东
75%
Jixi 鸡西 Heilongjiang 黑龙江
75%
Nanyang 南阳 Henan 河南
75%
Hengyang 衡阳 Hunan 湖南
75%
Dongying 东营 Shandong 山东
75%
Xiangyang 襄阳 Hubei 湖北
74%
Huai'an 淮安 Jiangsu 江苏
74%
Zhenjiang 镇江 Jiangsu 江苏
74%
Jiaxing 嘉兴 Zhejiang 浙江
74%
Xinxiang 新乡 Henan 河南
73%
Guilin 桂林 Guangxi 广西
72%
Taizhou 台州 Zhejiang 浙江
72%
Zibo 淄博 Shandong 山东
71%
Jining 济宁 Shandong 山东
71%
Yichang 宜昌 Hubei 湖北
70%
Yancheng 盐城 Jiangsu 江苏
69%
Anyang 安阳 Henan 河南
68%
Yangzhou 扬州 Jiangsu 江苏
68%
Rizhao 日照 Shandong 山东
68%
Fuyang 阜阳 Anhui 安徽
67%
Mudanjiang 牡丹江 Heilongjiang 黑龙江
67%
Xiangtan 湘潭 Hunan 湖南
67%
Yueyang 岳阳 Hunan 湖南
64%
Puning 普宁 Guangdong 广东
62%
Tengzhou 滕州 Shandong 山东
62%
Wenling 温岭 Zhejiang 浙江
62%
Yingkou 营口 Liaoning 辽宁
61%
Ruian 瑞安 Zhejiang 浙江
54%
No matching quizzes found
Score Distribution
Percent of People with Each Score
Percentile by Number Answered
Your Score History
You have not taken this quiz since the last reset